Pensamiento estratégico : construya los cimientos de su planeación /

El pensamiento estratégico es la base para la realización de una adecuada planeación estratégica, porque permite a una empresa tener una perspectiva clara de su futuro. Implica el establecimiento de valores, misión, visión y estrategias. Por ello, el autor proporciona las herramientas para saber cóm...

Description complète

Enregistré dans:
Détails bibliographiques
Auteur principal: Morrisey, George L. (autor)
Format: Livre
Langue:espagnol
Publié: México : Prentice-Hall : Pearson, 1996, c1996
Collection:(The Jossey-Bass Management Series)
Sujets:
Tags: Ajouter un tag
Pas de tags, Soyez le premier à ajouter un tag!

MARC

LEADER 00000nam^a2200000^a^4500
001 000166510
005 20250620000000.0
009 20260310101056.21
020 |a 968-880-734-6 
037 |a Acervo ITESO - Biblioteca 
041 |a ESP 
082 |a 658. 4012  |b MOR 
100 |a Morrisey, George L.  |e (autor) 
245 1 0 |a Pensamiento estratégico :  |b construya los cimientos de su planeación /  |c G.L. Morrisey ; tr. por Carlos Alberto Arenas Monreal. 
264 4 |a México :  |b Prentice-Hall :  |b Pearson,  |c 1996, c1996 
300 |a XX, 119 p. 
336 |a texto  |b txt  |2 rdacontenido 
337 |a sin mediación  |b n  |2 rdamedio 
338 |a volumen  |b nc  |2 rdasoporte 
440 4 |a (The Jossey-Bass Management Series) 
500 |a Traducción de: Strategic Thinking; Building your Planning Foundation 
520 |a El pensamiento estratégico es la base para la realización de una adecuada planeación estratégica, porque permite a una empresa tener una perspectiva clara de su futuro. Implica el establecimiento de valores, misión, visión y estrategias. Por ello, el autor proporciona las herramientas para saber cómo desarrollar este pensamiento empresarial. 
649 |a XX 
650 |a Planeación Estratégica -  |x Tema Principal 
650 |a Planeación Administrativa 
650 |a Proceso Administrativo 
650 |a Filosofía Empresarial 
650 |a Administración 
650 |a Ciencias Administrativas 
910 |a Fondo General 
920 |a Impresos - Libros 
930 |a Colección General 
905 |a 101 
901 |a 0500101664  |b IT1  |c ACC  |u 20250521 
901 |a 0500234036  |b IT1  |c ACC  |d DT  |i D63991  |u 20250620 
902 |a https://opac.biblio.iteso.mx/vufind/Record/000166510